000 00522cam a2200205ua 4500
001 10722
008 160314n2011 II |||gr||||Z||||||asm
040 _aMAIN
041 _aEnglish
082 _a510 NCE
100 _aNCERT & AHSEC.
245 _aUCHATTAR MADHYAMIK GANIT (For XII) Vol -2
250 _a1ST.
260 _aNEW DELHI
_bNCERT
_c2011
300 _a750:
_c24CM.
500 _aTRANSFERRED TO SANASKRITI JUNIOR COLLEGE,SGC
653 _aMathematics
700 _aNCERT & AHSEC.,
_eAuthor.
942 _cBK
999 _c10691
_d10691